000 00283nam a22000977a 4500
082 _a345.025
_bCON
245 _aThe Control of Narcotic Substances Act, 1997 (XXV of 1997) Bare Act /
260 _aLahore :
_bIrfan Law Book House,
_c2015.
300 _a44 p. ;
_c23 cm.
942 _2ddc
_cBK
999 _c592353
_d592353